000
00294nam a2200121 a 4500
008
100921s1974|||| d
245
1
0
_a
Zápisky diplomata 1
100
1
_a
Federenko, Nikolaj Trofimovič
260
_b
Obzor
_a
Bratislava
_c
1974
020
_c
21
044
_a
xo
_c
SK
041
_a
slo
999
_c
10559
_d
10559